Premier League Players with Best Goals/Club Goals Ratio (19) - Statistics

General Stats
  • This quiz has been taken 138 times
  • The average score is 12 of 20
Answer Stats
Goals Ratio % Club Player % Correct
18/51 35.3 Leicester City Jamie Vardy
97%
17/67 25.4 Tottenham Hotspur Harry Kane
94%
22/89 24.7 Liverpool Mohamed Salah
90%
22/73 30.1 Arsenal Pierre-Emerick Aubameyang
87%
22/89 24.7 Liverpool Sadio Mané
81%
21/95 22.1 Manchester City Sergio Agüero
78%
14/56 25.0 Bournemouth Callum Wilson
71%
11/34 32.4 Fulham Aleksandar Mitrović
69%
16/63 25.4 Chelsea Eden Hazard
67%
10/45 22.2 Burnley Chris Wood
64%
13/47 27.7 Wolverhampton Raúl Jiménez
63%
13/35 37.1 Brighton Glenn Murray
57%
13/54 24.1 Everton Richarlison
54%
12/45 26.7 Burnley Ashley Barnes
47%
12/56 21.4 Bournemouth Joshua King
47%
13/65 20.0 Manchester United Paul Pogba
46%
13/54 24.1 Everton Gylfi Sigurdsson
33%
12/42 28.6 Newcastle Ayoze Pérez
32%
11/42 26.2 Newcastle Salomón Rondón
26%
12/51 23.5 Crystal Palace Luka Milivojević
18%
No matching quizzes found
Score Distribution
Percent of People with Each Score
Percentile by Number Answered
Your Score History
You have not taken this quiz